Artificial intelligence techniques in prolog
This is book contens: On prolog, search, backward-chaining methods, other rule-based methods, truth maintenance systems, contraint satisfaction...
সংরক্ষণ করুন:
| প্রধান লেখক: | |
|---|---|
| বিন্যাস: | গ্রন্থ |
| ভাষা: | Undetermined |
| প্রকাশিত: |
San Francisco, California
Morgan Kaufmann
1994
|
| বিষয়গুলি: | |
| ট্যাগগুলো: |
ট্যাগ যুক্ত করুন
কোনো ট্যাগ নেই, প্রথমজন হিসাবে ট্যাগ করুন!
|
| Thư viện lưu trữ: | Trung tâm Học liệu Trường Đại học Cần Thơ |
|---|
| LEADER | 00766nam a2200217Ia 4500 | ||
|---|---|---|---|
| 001 | CTU_32746 | ||
| 008 | 210402s9999 xx 000 0 und d | ||
| 020 | |b 776.000đ | ||
| 082 | |a 006.3 | ||
| 082 | |b S559 | ||
| 100 | |a Shoham, Yoav | ||
| 245 | 0 | |a Artificial intelligence techniques in prolog | |
| 245 | 0 | |c Yoav Shoham | |
| 260 | |a San Francisco, California | ||
| 260 | |b Morgan Kaufmann | ||
| 260 | |c 1994 | ||
| 520 | |a This is book contens: On prolog, search, backward-chaining methods, other rule-based methods, truth maintenance systems, contraint satisfaction... | ||
| 650 | |a Artificial intelligence,Prolog ( computer program language ) | ||
| 650 | |x Data processing | ||
| 904 | |i Minh, QHieu | ||
| 980 | |a Trung tâm Học liệu Trường Đại học Cần Thơ | ||